LEADER 05160nam 2200613 450 001 9910466962003321 005 20200923020339.0 010 $a3-11-055963-3 024 7 $a10.1515/9783110561890 035 $a(CKB)4100000001965683 035 $a(MiAaPQ)EBC5159468 035 $a(DE-B1597)487351 035 $a(OCoLC)1110709733 035 $a(DE-B1597)9783110561890 035 $a(Au-PeEL)EBL5159468 035 $a(CaPaEBR)ebr11497640 035 $a(OCoLC)1020028470 035 $a(EXLCZ)994100000001965683 100 $a20180206h20172017 uy 0 101 0 $aeng 135 $aurcnu|||||||| 181 $2rdacontent 182 $2rdamedia 183 $2rdacarrier 200 00$aPetrochronology $emethods and applications /$feditors, Matthew J. Kohn, Martin Engi & Pierre Lanari 210 1$aChantilly, Virginia :$cDe Gruyter :$cMineralogical Society of America,$d2017. 210 4$d©2017 215 $a1 online resource (596 pages) $cillustrations (some color) 225 1 $aReviews in Mineralogy and Geochemistry,$x1943-2666 ;$vVolume 83 311 $a0-939950-05-7 311 $a3-11-056189-1 320 $aIncludes bibliographical references at the end of each chapters. 327 $tFrontmatter -- $tPreface -- $tTable of Contents -- $t1. Significant Ages - An Introduction to Petrochronology / $rEngi, Martin / Lanari, Pierre / Kohn, Matthew J. -- $t2. Phase Relations, Reaction Sequences and Petrochronology / $rYakymchuk, Chris / Clark, Chris / White, Richard W. -- $t3. Local Bulk Composition Effects on Metamorphic Mineral Assemblages / $rLanari, Pierre / Engi, Martin -- $t4. Diffusion: Obstacles and Opportunities in Petrochronology / $rKohn, Matthew J. / Penniston-Dorland, Sarah C. -- $t5. Electron Microprobe Petrochronology / $rWilliams, Michael L. / Jercinovic, Michael J. / Mahan, Kevin H. / Dumond, Gregory -- $t6. Petrochronology by Laser-Ablation Inductively Coupled Plasma Mass Spectrometry / $rKylander-Clark, Andrew R. C. -- $t7. Secondary Ionization Mass Spectrometry Analysis in Petrochronology / $rSchmitt, Axel K. / Vazquez, Jorge A. -- $t8. Petrochronology and TIMS / $rSchoene, Blair / Baxter, Ethan F. -- $t9. Zircon: The Metamorphic Mineral / $rRubatto, Daniela -- $t10. Petrochronology of Zircon and Baddeleyite in Igneous Rocks: Reconstructing Magmatic Processes at High Temporal Resolution / $rSchaltegger, Urs / Davies, Joshua H.F.L. -- $t11. Hadean Zircon Petrochronology / $rHarrison, T. Mark / Bell, Elizabeth A. / Boehnke, Patrick -- $t12. Petrochronology Based on REE-Minerals: Monazite, Allanite, Xenotime, Apatite / $rEngi, Martin -- $t13. Titanite Petrochronology / $rKohn, Matthew J. -- $t14. Petrology and Geochronology of Rutile / $rZack, Thomas / Kooijman, Ellen -- $t15. Garnet: A Rock-Forming Mineral Petrochronometer / $rBaxter, E. F. / Caddick, M. J. / Dragovic, B. -- $t16. Chronometry and Speedometry of Magmatic Processes using Chemical Diffusion in Olivine, Plagioclase and Pyroxenes / $rDohmen, Ralf / Faak, Kathrin / Blundy, Jon D. -- $tRiMG Series 330 $aPetrochronology is a rapidly emerging branch of Earth science that links time (ages or rates) with specific rock-forming processes and their physical conditions. It is founded in petrology and geochemistry, which define a petrogenetic context or delimit a specific process, to which chronometric data are then linked. This combination informs Earth's petrogenetic processes better than petrology or geochronology alone. This volume and the accompanying short courses address three broad categories of inquiry.Conceptual approaches chaptersinclude petrologic modeling of multi-component chemical and mineralogic systems, and development of methods that include diffusive alteration of mineral chemistry.Methods chaptersaddress four main analytical techniques, specifically EPMA, LA-ICP-MS, SIMS and TIMS.Mineral-specific chaptersexplore applications to a wide range of minerals, including zircon (metamorphic, igneous, and detrital/Hadean), baddeleyite, REE minerals (monazite, allanite, xenotime and apatite), titanite, rutile, garnet, and major igneous minerals (olivine, plagioclase and pyroxenes). These applications mainly focus on metamorphic, igneous, or tectonic processes, but additionally elucidate fundamental transdisciplinary progress in addressing mechanisms of crystal growth, the chemical consequences of mineral growth kinetics, and how chemical transport and deformation affect chemically complex mineral composites. Most chapters further recommend areas of future research. 410 0$aReviews in mineralogy and geochemistry ;$vVolume 83. 606 $aPetrology 606 $aPetroleum$xGeology 606 $aGeological time 608 $aElectronic books. 615 0$aPetrology. 615 0$aPetroleum$xGeology. 615 0$aGeological time. 676 $a552 686 $aRB 10123$2rvk 702 $aKohn$b Matthew J. 702 $aEngi$b Martin 702 $aLanari$b Pierre 801 0$bMiAaPQ 801 1$bMiAaPQ 801 2$bMiAaPQ 906 $aBOOK 912 $a9910466962003321 996 $aPetrochronology$92491541 997 $aUNINA LEADER 05403nam 2201405 a 450 001 9910790953203321 005 20230126205336.0 010 $a1-4008-4041-4 010 $a9786613290939 010 $a1-283-29093-6 024 7 $a10.1515/9781400840410 035 $a(CKB)2550000001252140 035 $a(EBL)784516 035 $a(OCoLC)758374143 035 $a(SSID)ssj0000536219 035 $a(PQKBManifestationID)11346962 035 $a(PQKBTitleCode)TC0000536219 035 $a(PQKBWorkID)10546606 035 $a(PQKB)11039704 035 $a(MiAaPQ)EBC784516 035 $a(StDuBDS)EDZ0000515055 035 $a(MdBmJHUP)muse37047 035 $a(DE-B1597)447680 035 $a(OCoLC)979779984 035 $a(DE-B1597)9781400840410 035 $a(Au-PeEL)EBL784516 035 $a(CaPaEBR)ebr10503237 035 $a(CaONFJC)MIL329093 035 $a(EXLCZ)992550000001252140 100 $a20110425d2011 uy 0 101 0 $aeng 135 $aurcn||||||||| 181 $ctxt 182 $cc 183 $acr 200 14$aThe enculturated gene$b[electronic resource] $esickle cell health politics and biological difference in West Africa /$fDuana Fullwiley 205 $aCourse Book 210 $aPrinceton, N.J. $cPrinceton University Press$d2011 215 $a1 online resource (727 p.) 300 $aDescription based upon print version of record. 311 $a0-691-12317-9 311 $a0-691-12316-0 320 $aIncludes bibliographical references and index. 327 $aIntroduction: the powers of association -- Healthy sicklers with "mild" disease: local illness affects and population-level effects -- The biosocial politics of plants and people -- Attitudes of care -- Localized biologies: mapping race and sickle cell difference in French West Africa -- Ordering illness: heterozygous "trait" suffering in the land of the mild disease -- The work of patient advocacy -- Conclusion: economic and health futures amid hope and despair. 330 $aIn the 1980's, a research team led by Parisian scientists identified several unique DNA sequences, or haplotypes, linked to sickle cell anemia in African populations. After casual observations of how patients managed this painful blood disorder, the researchers in question postulated that the Senegalese type was less severe. The Enculturated Gene traces how this genetic discourse has blotted from view the roles that Senegalese patients and doctors have played in making sickle cell ""mild"" in a social setting where public health priorities and economic austerity programs have forced people to 606 $aSickle cell anemia$xSocial aspects$zSenegal 606 $aSickle cell anemia$xGenetic aspects 606 $aSickle cell anemia$xPatients$xServices for$zSenegal 606 $aGenetic disorders$xSocial aspects$zSenegal 606 $aKinship$xHealth aspects$zSenegal 610 $aAfrica. 610 $aAfrican anthropology. 610 $aAfrican genetics. 610 $aAfrican sicklers. 610 $aAlbert Royer Children's Hospital. 610 $aCNTS. 610 $aCentre nationale de transfusion sanguine. 610 $aDNA haplotypes. 610 $aDNA sequences. 610 $aHbAS. 610 $aInternational Organization for the Fight against Sickle Cell. 610 $aNational Blood Transfusion Center. 610 $aOILD. 610 $aRFLP. 610 $aRestriction Fragment Length Polymorphism. 610 $aSenegal. 610 $aSenegalese attitudes. 610 $aSenegalese sickle cell. 610 $aalternative care. 610 $abiological expressions. 610 $abiosocial politics. 610 $aculture. 610 $adisease experiences. 610 $adisease expression. 610 $aeconomic austerity. 610 $aeconomically triaged care. 610 $aethnic population purity. 610 $afagara. 610 $agenetic difference. 610 $agenetic sequence. 610 $ageneticists. 610 $aglobal health problems. 610 $aglobal health. 610 $ahealing practices. 610 $ahealth intervention. 610 $ahealth. 610 $ahealthy sicklers. 610 $aheterozygous sickle cell. 610 $alow-tech strategy. 610 $amultilateral institutions. 610 $anormalization techniques. 610 $apatient advocacy. 610 $apolitical apathy. 610 $apopulation. 610 $apublic health. 610 $apublic neglect. 610 $aself-care. 610 $asickle cell DNA markers. 610 $asickle cell anemia. 610 $asickle cell gene. 610 $asickle cell research. 610 $asickle cell trait. 610 $asicklers. 610 $asocial networks. 610 $atraditional plants. 610 $avitality. 615 0$aSickle cell anemia$xSocial aspects 615 0$aSickle cell anemia$xGenetic aspects. 615 0$aSickle cell anemia$xPatients$xServices for 615 0$aGenetic disorders$xSocial aspects 615 0$aKinship$xHealth aspects 676 $a362.196/15271009663 700 $aFullwiley$b Duana$01465353 801 0$bMiAaPQ 801 1$bMiAaPQ 801 2$bMiAaPQ 906 $aBOOK 912 $a9910790953203321 996 $aThe enculturated gene$93675338 997 $aUNINA LEADER 06411oam 2201069 c 450 001 9910372792803321 005 20260302090207.0 010 $a9783839409428 010 $a383940942X 024 7 $a10.14361/9783839409428 035 $a(CKB)3710000000482793 035 $a(OAPEN)1007415 035 $a(DE-B1597)461440 035 $a(OCoLC)1013963713 035 $a(OCoLC)953518968 035 $a(DE-B1597)9783839409428 035 $a(MiAaPQ)EBC5494326 035 $a(Au-PeEL)EBL5494326 035 $a(OCoLC)1049913582 035 $a(transcript Verlag)9783839409428 035 $a(MiAaPQ)EBC6955784 035 $a(Au-PeEL)EBL6955784 035 $a(oapen)https://directory.doabooks.org/handle/20.500.12854/36964 035 $a(ScCtBLL)237cb523-9020-4234-a638-edd4bc10b54b 035 $a(EXLCZ)993710000000482793 100 $a20260302h20152009 uy 0 101 0 $ager 135 $auuuuu---auuuu 181 $ctxt$2rdacontent 182 $cc$2rdamedia 183 $acr$2rdacarrier 200 10$aHistorische Generationen$eÜber einen sozialen Mechanismus kulturellen Wandels und kollektiver Kreativität$fBeate Fietze 205 $a1st ed. 210 $aBielefeld$ctranscript Verlag$d2015 210 $d2015, c2009 215 $a1 online resource (292) 225 0 $aSozialtheorie 311 08$a9783899429428 311 08$a3899429427 327 $aFrontmatter 1 Inhalt 5 Vorwort 11 Einleitung 13 1. Generationssoziologie als Kultursoziologie: Eine wissenschaftsgeschichtliche Rekonstruktion der Generationstheorie 23 2. Die Konstitution historischer Generationen: Ein sozialer Mechanismus kulturellen Wandels 69 3. Das Dilemma der Mannheimschen Wissenssoziologie: Gefangen zwischen Lebensphilosophie und Soziologie 91 4. Generationsspezifische Akteure: Die Reformulierung des Konzepts Historischer Generationen 99 5. Narrative Identita?tskonstruktion: Biographie und Generation 113 6. Prozesscharakter sozialen Wandels: Generation und Geschichte 137 7. Gesellschaftskrise und Generationsbildung: Ein sozialer Mechanismus kollektiver Kreativita?t 167 8. Die Generation der amerikanischen Progressivisten 179 9. Globalisierung und Generationsbildung 211 Schluss 239 Literatur 245 Backmatter 289 330 $aIn Zeiten beschleunigten gesellschaftlichen Wandels hat das Generationsthema Konjunktur. Die wissenschaftsgeschichtliche Rekonstruktion des Generationenverständnisses seit der Antike offenbart jedoch, dass die bei Karl Mannheim angelegte Verbindung von Generationstheorie und Theorien des sozialen Wandels im Zuge der Professionalisierung der Soziologie verloren ging.Diese Studie schlägt durch eine innovative Interpretation der klassischen Vorlage die Brücke zu aktuellen Theorieentwicklungen. Unter Rückgriff auf die Analysen von Margaret S. Archer und Shmuel N. Eisenstadt stellt die Reformulierung des Generationskonzeptes den Konstitutionsprozess historischer Generationen als einen sozialen Mechanismus kulturellen Wandels und kollektiver Kreativität heraus. Damit wird nicht nur der Anschluss an die makrosoziologische Diskussion neu eröffnet, sondern auch die kulturtheoretische Frage nach der Vermittlung von Biographie und Geschichte wieder aufgenommen. 330 1 $a»Ein besonderes Verdienst kommt der präzisen terminologischen und konzeptionellen Differenzierung zu, mit der sie [Beate Fietze] einen großen Beitrag zur Auflösung von Konfusionen leistet, von denen die aktuellen sozialwissenschaftlichen Diskurse um generationstheoretische Probleme noch durchzogen sind.« 330 1 $a»Beate Fietze greift in ihrer lesenwerten und für andere Fachgebiete überaus ertragreichen Studie Mannheims Generationentheorie auf und fragt insbesondere nach ihrer [...] kulturtheoretischen Grundierung.« 330 1 $a»Fietzes textnahe Interpretation von Mannheims Theorie und ihr spezifisches Modell, seinen Generationsentwurf für die Erforschung politischer Generationen im öffentlichen Raum zu rehabilitieren und in die Gegenwart zu transformieren, [ist] ein wichtiger Beitrag für die Generationsforschung, nicht nur in der Soziologie.« 330 1 $a»Fietze bringt die Generationssoziologie einen großen Schritt voran und bietet besonders Sozialwissenschaftlern viele sehr wichtige Einblicke.« 330 1 $aBesprochen in:Zeitschrift für Soziologie der Erziehung und Sozialisation, 30/3 (2010) 330 1 $a»Die Leistungen von Fietzes Studie sind: Erstens hält sie hartnäckig die Differenz zwischen Generationen im Mannheimschen Sinne und Kohorte durch [...]. Zweitens gelingen ihr bei der Übernahme aus neueren Konzepten spannende Anregungen [...]. Drittens bringt sie das Thema der historischen Generationen [...] in die Nähe der Untersuchung von sozialen Bewegungen.« 410 0$aSozialtheorie 517 2 $aFietze, Historische Generationen$eÜber einen sozialen Mechanismus kulturellen Wandels und kollektiver Kreativität 606 $aGenerationen 606 $aSociety 606 $aSozialer Wandel 606 $aSociology of Culture 606 $aSoziale Mechanismen 606 $aSociological Theory 606 $aSociology of Knowledge 606 $aKreativität 606 $aKarl Mannheim 606 $aPolitical Sociology 606 $aGesellschaft 606 $aSociology 606 $aKultursoziologie 606 $aSoziologische Theorie 606 $aWissenssoziologie 606 $aPolitische Soziologie 606 $aSoziologie 615 4$aGenerationen 615 4$aSociety 615 4$aSozialer Wandel 615 4$aSociology of Culture 615 4$aSoziale Mechanismen 615 4$aSociological Theory 615 4$aSociology of Knowledge 615 4$aKreativität 615 4$aKarl Mannheim 615 4$aPolitical Sociology 615 4$aGesellschaft 615 4$aSociology 615 4$aKultursoziologie 615 4$aSoziologische Theorie 615 4$aWissenssoziologie 615 4$aPolitische Soziologie 615 4$aSoziologie 676 $a305.2 686 $aMS 1290$2rvk 700 $aFietze$b Beate$p

Beate Fietze, Humboldt-Universität zu Berlin, Deutschland

$4aut$0978174 801 0$bDE-B1597 801 1$bDE-B1597 906 $aBOOK 912 $a9910372792803321 996 $aHistorische Generationen$92229133 997 $aUNINA